[Event "AUS-ch U10"]
[Site "Wahroonga"]
[Date "2014.01.12"]
[Round "6"]
[White "Allinson, Jack"]
[Black "Gao, Xing"]
[Result "0-1"]
[WhiteElo "366"]
[BlackElo "434"]
[PlyCount "100"]
[EventDate "2014.01.11"]
[EventType "swiss"]
[EventRounds "9"]
[EventCountry "AUS"]
[SourceTitle "EXT 2020"]
[Source "ChessBase"]
[SourceDate "2019.10.17"]
[SourceVersion "1"]
[SourceVersionDate "2019.10.17"]
[SourceQuality "1"]

1. d4 d6 2. e3 Nf6 3. Bd3 Nc6 4. f4 Bg4 5. Be2 Bf5 6. Bd3 Bxd3 7. Qxd3 d5 8. Nf3 e6 9. 0-0 g6 10. Nbd2 Bg7 11. Qb5 a6 12. Qxb7 0-0 13. Qxc6 Rb8 14. Qxa6 Ra8 15. Qd3 Re8 16. b3 Re7 17. Qb5 Rb8 18. Qc5 Nd7 19. Qc3 Nb6 20. Ba3 Re8 21. Ne5 Rc8 22. Nc6 Qd7 23. Rf3 Ra8 24. Bb4 Nc8 25. Ne5 Qd8 26. Qc6 Rb8 27. a3 Rb6 28. Qa8 f6 29. Nc6 Qd7 30. Nb8 Qb5 31. Qa4 Qxa4 32. bxa4 Rxb8 33. a5 e5 34. dxe5 fxe5 35. fxe5 Rxe5 36. Raf1 Na7 37. Nb3 Nc6 38. Bc5 Ra8 39. Nd4 Nxa5 40. Nb5 Rc8 41. Na7 Rce8 42. Nc6 Nxc6 43. Bf8 Bxf8 44. Rxf8+ Rxf8 45. Rxf8+ Kxf8 46. Kf2 d4 47. exd4 Nxd4 48. c3 Nb5 49. a4 Nxc3 50. Kf3 Nxa4 0-1